| 000 | 00824nam a2200229Ia 4500 | ||
|---|---|---|---|
| 005 | 20211108101744.0 | ||
| 008 | 130821s1962 mx gr spa | ||
| 040 |
_aCo-BoUCM _bspa _cSaul Niño (Modificó) _d[Nuevo] |
||
| 041 | 0 | _aspa | |
| 100 | 1 | 0 |
_aBishop, Elizabeth _995173 |
| 245 | 1 | 0 |
_aBrasil _cPor Elizabeth Bishop y los redactores de Life en español |
| 260 |
_aMéxico D.F. (México) _bOffset Multicolor _c1962 |
||
| 300 | _a160 páginas | ||
| 490 | 0 | _aBiblioteca Universal de Life en Español | |
| 650 | 0 | 4 |
_aDescripciones y viajes _97508 |
| 650 | 0 | 4 |
_aVida social y costumbres _98225 |
| 651 |
_aBrasil _926823 |
||
| 651 |
_aBrasil _xDescripciones y viajes _926823 |
||
| 651 |
_aBrasil _xVida social y costumbres _945649 |
||
| 942 |
_cLIBRO _a21 _e1 _m918.1 _2DEWEY _h918.1 |
||
| 999 |
_c15739 _d15739 |
||